Outsourcing, zaklínadlo v době krize
Rýchle riešenie problémov v čase krízy - outsourcing všetkého, čo nechcete, alebo neviete robiť profesionálne. Outsourcing personálneho riaditeľa. Outsourcing náboru zamestnancov. Príklady z praxe. Definícia outsourcingu.
Uložené v:
| Hlavný autor: | |
|---|---|
| Médium: | Kapitola |
| Jazyk: | Czech |
| Predmet: | |
| Tagy: |
Žiadne tagy, Buďte prvý, kto otaguje tento záznam!
|
MARC
| LEADER | 00000naa$a2200000$$$4500 | ||
|---|---|---|---|
| 001 | 0107830 | ||
| 005 | 20231213141122.0 | ||
| 041 | 0 | |a cze | |
| 044 | |a CZ | ||
| 245 | 1 | 0 | |a Outsourcing, zaklínadlo v době krize |c Jitka Tejnorová |
| 520 | |a Rýchle riešenie problémov v čase krízy - outsourcing všetkého, čo nechcete, alebo neviete robiť profesionálne. Outsourcing personálneho riaditeľa. Outsourcing náboru zamestnancov. Príklady z praxe. Definícia outsourcingu. | ||
| 610 | 2 | 0 | |a outsourcing |
| 610 | 2 | 0 | |a služby |
| 610 | 2 | 0 | |a náklady |
| 610 | 2 | 0 | |a personalistika |
| 610 | 2 | 0 | |a nábor pracovníkov |
| 100 | 1 | |a Tejnorová, Jitka | |